Sobre humanos e outros animais (Registo nº 198944)

Detalhes MARC
000 -Etiqueta do registo
Valores 01604nam 22003133 4500
010 ## - Número ISBN
ISBN 978-972-41-4621-8
021 ## - Número do Depósito Legal
Código do país Portugal
Número 272659/08
100 ## - Dados gerais de processamento
Dados gerais 20251110d u||y0pory50 ba
101 ## - Língua de publicação
Língua Português
102 ## - País de publicação
País Portugal
200 ## - Titulo e menção de responsabilidade
Título próprio Sobre humanos e outros animais
Primeira menção de responsabilidade John Gray
Outras menções de responsabilidade tradução Miguel Serras Pereira
205 ## - Menção da edição
Edição
210 ## - Publicação
Local de publicação Lisboa
Nome do editor Lua de Papel
Data de publicação 2017
215 ## - Descrição física 
Paginação / Volumes 191 p.
Outras indicações físicas brochado
Dimensões 24 cm
225 ## - Colecção 
Título próprio da colecção Ciências humanas e sociais. Filosofia
304 ## - Nota relativa ao título
Texto de nota - Título original: Straw dogs : thoughts on humans and other animals<br/>
330 ## - Sumário ou Resumo
Texto da nota A maioria dos filósofos ocidentais, desde Platão, diz-nos o mesmo: somos humanos. John Gray defende precisamente o contrário: se olharmos bem para o espelho, veremos um animal. Para provar a sua tese ele revê a história da humanidade. Procura os momentos chave que revelam a nossa bestialidade, observa-nos numa perspectiva interdisciplinar, socorre-se da biologia, da zoologia. E procura em 2.500 anos de pensamento as raras vozes - como as de Charles Darwin ou Fernando Pessoa - que corajosamente nos viram como de facto somos: os mais sofisticados predadores à face da Terra.
606 ## - Nome comum usado como assunto
ID Autoridade 7879
Palavra de ordem Filosofia. História da filosofia. Sistemas filosóficos
610 ## - Termos não controlados
Palavra de ordem Sistemas filosóficos segundo a atitude em relação à sociedade humana
610 ## - Termos não controlados
Palavra de ordem Comportamento social
675 ## - CDU
Notação 141.7
Edição PT
Língua por
675 ## - CDU
Notação 316.64
Edição PT
Língua por
700 ## - Autor principal (pessoa individual)
ID Autoridade 966
Apelido Gray
Nome John
Datas 1948-
702 ## - Autor secundário (pessoa individual)
ID Autoridade 4242
Apelido Pereira
Nome Miguel Serras
Datas 1949-
801 ## - Fonte de origem
País PT
Agência BMMN
Regras de catalogação RPC
830 ## - Notas gerais do catalogador
Criado por Ana
Indexado por Ana
990 ## - Elementos KOHA
Tipo de documento Livro
Exemplares
Situação do levantamento Biblioteca de origem Código de barras Cota Permissão de empréstimo Tipo de documento Forma de aquisição
  Biblioteca Municipal de Montemor-o-Novo 27576 14 GRA|LG   Livro Oferta

Powered by Koha